000 00569nam a2200181Ia 4500
005 20250423101252.0
008 250422s9999 xx 000 0 und d
020 _a804219702
050 _aNC 1429 .S56/
100 _aShort, Robert L.
245 4 _aThe Gospel according to Peanuts
260 _aLondon,
260 _b Collins
260 _c1964
300 _a127 p
650 _aSchulz, Charles M. (Charles Monroe), 1922-2000. Peanuts. Bible. Gospels--Criticism, interpretation, etc. Comic books, strips, etc.--Religious aspects--Christianity.
942 _cBK
999 _c35805
_d35805